[Event "CMA Futurity ABCD"]
[Site "Montreal CAN"]
[Date "2017.02.11"]
[Round "3"]
[White "Huang, Qiuyu"]
[Black "Germain, Michel"]
[Result "1/2-1/2"]
[WhiteElo "1955"]
[BlackElo "1945"]
[WhiteFideId "-1"]
[WhiteFideId "-1"]
[PlyCount "134"]
[GameId "2160767908478657"]
[EventDate "2017.02.10"]
[EventType "swiss"]
[EventRounds "5"]
[EventCountry "CAN"]
[SourceTitle "EXT 2022"]
[Source "ChessBase"]
[SourceDate "2021.10.06"]
[SourceVersion "1"]
[SourceVersionDate "2021.10.06"]
[SourceQuality "1"]

1. e4 d5 2. exd5 Qxd5 3. Nc3 Qa5 4. d3 Nf6 5. h3 c6 6. Bd2 Qc7 7. Qe2 a5 8. g4 g6 9. Bg2 Bg7 10. f4 Be6 11. Nf3 Nd5 12. Nxd5 Bxd5 13. c3 Nd7 14. O-O Nc5 15. Be3 Ne6 16. Rae1 h5 17. f5 hxg4 18. hxg4 gxf5 19. gxf5 Be5 20. Nxe5 Qxe5 21. Bxd5 Qxd5 22. Qg2 Nc7 23. Qxd5 Nxd5 24. c4 Nxe3 25. Rxe3 Kd7 26. Rf2 Rag8+ 27. Kf1 c5 28. Ke2 Rh6 29. Kd2 Rg5 30. Re5 Kd6 31. Rd5+ Kc6 32. Re5 Rf6 33. Kc3 a4 34. b4 axb3 35. axb3 e6 36. fxe6 Rxe5 37. Rxf6 fxe6 38. Rf8 Rf5 39. Re8 Kd7 40. Rh8 Rf7 41. Rh6 e5 42. Rb6 Kc7 43. Re6 Rf5 44. Kd2 Kd7 45. Rb6 Kc7 46. Rh6 Rf2+ 47. Kc3 Rf5 48. Rg6 Kd7 49. Rg7+ Kc6 50. Re7 Rh5 51. Rg7 Rh6 52. Rg2 Re6 53. Re2 b5 54. Ra2 b4+ 55. Kd2 Kb6 56. Ke3 Rh6 57. Rf2 Rh1 58. Rb2 Rh4 59. Re2 Kc6 60. Kf3 Rf4+ 61. Ke3 Kd6 62. Ra2 Rf1 63. Ra6+ Kc7 64. Re6 Rb1 65. Rxe5 Kd6 66. Rd5+ Kc6 67. Rh5 Rxb3 1/2-1/2

[Event "CMA Futurity ABCD"]
[Site "Montreal CAN"]
[Date "2017.02.11"]
[Round "3"]
[White "Langlois-Remillard, Alexis"]
[Black "Zumsteg, Nicolas"]
[Result "1-0"]
[WhiteElo "1867"]
[BlackElo "1910"]
[WhiteFideId "-1"]
[WhiteFideId "-1"]
[PlyCount "83"]
[GameId "2160767908478658"]
[EventDate "2017.02.10"]
[EventType "swiss"]
[EventRounds "5"]
[EventCountry "CAN"]
[SourceTitle "EXT 2022"]
[Source "ChessBase"]
[SourceDate "2021.10.06"]
[SourceVersion "1"]
[SourceVersionDate "2021.10.06"]
[SourceQuality "1"]

1. b3 e5 2. Bb2 Nc6 3. e3 d6 4. Nf3 f5 5. d4 e4 6. d5 exf3 7. dxc6 bxc6 8. Qxf3 Bd7 9. Bd3 Qg5 10. h4 Qg4 11. Qxg4 fxg4 12. h5 h6 13. Nd2 Nf6 14. Nf1 Be7 15. Bg6+ Kd8 16. Ng3 Rg8 17. O-O-O Ne8 18. c4 Bf6 19. c5 Bxb2+ 20. Kxb2 d5 21. e4 Be6 22. Rhe1 Nf6 23. exd5 Bxd5 24. Nf5 Nd7 25. Ne7 Rf8 26. Nxd5 cxd5 27. Rxd5 c6 28. Rd2 Kc8 29. Bf5 Rxf5 30. Re8+ Kc7 31. Rxa8 Nxc5 32. Rxa7+ Nb7 33. Ra4 Rxh5 34. Rxg4 g5 35. Rd1 Rh2 36. a4 Nd6 37. Kc3 h5 38. Rgd4 Ne8 39. Rd7+ Kb6 40. a5+ Kxa5 41. Rb7 Ka6 42. Rb4 1-0

[Event "CMA Futurity ABCD"]
[Site "Montreal CAN"]
[Date "2017.02.11"]
[Round "3"]
[White "Leger, Maxime"]
[Black "Johnson-Constantin, Mathieu"]
[Result "1-0"]
[WhiteElo "1883"]
[BlackElo "1822"]
[WhiteFideId "-1"]
[WhiteFideId "-1"]
[PlyCount "63"]
[GameId "2160767908478659"]
[EventDate "2017.02.10"]
[EventType "swiss"]
[EventRounds "5"]
[EventCountry "CAN"]
[SourceTitle "EXT 2022"]
[Source "ChessBase"]
[SourceDate "2021.10.06"]
[SourceVersion "1"]
[SourceVersionDate "2021.10.06"]
[SourceQuality "1"]

1. e4 e6 2. d4 d5 3. Nd2 Nf6 4. e5 Nfd7 5. Bd3 c5 6. c3 Nc6 7. Ne2 b6 8. O-O cxd4 9. cxd4 Nb4 10. Bb1 Ba6 11. Nf3 Rc8 12. a3 Nc6 13. Re1 Na5 14. Bd2 Nc4 15. Bc3 Nxa3 16. Bd3 Bxd3 17. Qxd3 Nc4 18. Rxa7 Ra8 19. Rea1 Rxa7 20. Rxa7 Qb8 21. Ra1 b5 22. b3 Na3 23. Bb2 b4 24. Qa6 Be7 25. Nf4 O-O 26. Nxe6 Rc8 27. Rc1 Rxc1+ 28. Bxc1 Nb5 29. Be3 Nc3 30. h3 Kh8 31. Neg5 Qe8 32. e6 1-0

[Event "CMA Futurity ABCD"]
[Site "Montreal CAN"]
[Date "2017.02.11"]
[Round "3"]
[White "Leveille, Francois"]
[Black "Yu, Zong Yang"]
[Result "0-1"]
[WhiteElo "2279"]
[BlackElo "2383"]
[WhiteFideId "-1"]
[WhiteFideId "-1"]
[PlyCount "96"]
[GameId "2160767908478660"]
[EventDate "2017.02.10"]
[EventType "swiss"]
[EventRounds "5"]
[EventCountry "CAN"]
[SourceTitle "EXT 2022"]
[Source "ChessBase"]
[SourceDate "2021.10.06"]
[SourceVersion "1"]
[SourceVersionDate "2021.10.06"]
[SourceQuality "1"]

1. e4 c5 2. Nf3 e6 3. d4 cxd4 4. Nxd4 a6 5. Bd3 Nf6 6. O-O Qc7 7. Qe2 d6 8. c4 g6 9. Nc3 Bg7 10. Be3 O-O 11. Rac1 Nbd7 12. f4 b6 13. b4 Bb7 14. Kh1 Rac8 15. Nb3 Qb8 16. c5 dxc5 17. bxc5 b5 18. e5 Nd5 19. Ne4 Nb4 20. Bb1 Bd5 21. Nd6 Rc7 22. Bd2 Nc6 23. Be4 Bxe4 24. Qxe4 Qa8 25. Rfd1 Rb8 26. Qd3 f6 27. exf6 Nxf6 28. Qh3 Re7 29. Re1 Nd8 30. c6 Nd5 31. f5 Rb6 32. Bg5 Rxc6 33. Bxe7 Nxe7 34. f6 Bxf6 35. Ne4 Nd5 36. Nxf6+ Nxf6 37. Rcd1 Nf7 38. Nd4 Rd6 39. Nxe6 Ne4 40. Qf3 Rxe6 41. Rf1 Rf6 42. Qe3 Qd5 43. Rde1 Rxf1+ 44. Rxf1 Ned6 45. Qf2 a5 46. a3 a4 47. h3 Qd3 48. Ra1 Qc3 0-1

[Event "CMA Futurity ABCD"]
[Site "Montreal CAN"]
[Date "2017.02.11"]
[Round "3"]
[White "Marin, Sam"]
[Black "Barre, Michel"]
[Result "1/2-1/2"]
[WhiteElo "1977"]
[BlackElo "1936"]
[WhiteFideId "-1"]
[WhiteFideId "-1"]
[PlyCount "80"]
[GameId "2160767908478661"]
[EventDate "2017.02.10"]
[EventType "swiss"]
[EventRounds "5"]
[EventCountry "CAN"]
[SourceTitle "EXT 2022"]
[Source "ChessBase"]
[SourceDate "2021.10.06"]
[SourceVersion "1"]
[SourceVersionDate "2021.10.06"]
[SourceQuality "1"]

1. e4 d5 2. exd5 Qxd5 3. Nc3 Qa5 4. d4 Nf6 5. Nf3 Bf5 6. Bc4 e6 7. Bd2 c6 8. Bb3 Nbd7 9. Qe2 Bb4 10. h3 O-O-O 11. O-O h6 12. a3 Bxc3 13. Bxc3 Qc7 14. Ne5 Nxe5 15. dxe5 Nd5 16. Bxd5 Rxd5 17. Rfd1 Rhd8 18. Rxd5 Rxd5 19. Qe3 b6 20. Qg3 g5 21. f4 gxf4 22. Qxf4 h5 23. Qh6 Bg6 24. Rf1 Qd7 25. Bb4 c5 26. Bc3 Rd1 27. Qf8+ Kb7 28. Rxd1 Qxd1+ 29. Kh2 Qxc2 30. Qe7+ Ka6 31. Qd8 Be4 32. Qd2 Qxd2 33. Bxd2 b5 34. b4 c4 35. g4 hxg4 36. hxg4 Kb6 37. Kg3 Kc6 38. Kf4 Bg6 39. Bc3 Kd5 40. g5 a6 1/2-1/2

[Event "CMA Futurity ABCD"]
[Site "Montreal CAN"]
[Date "2017.02.11"]
[Round "3"]
[White "Masse, Hugues"]
[Black "Chabot, Roland"]
[Result "0-1"]
[WhiteElo "2179"]
[BlackElo "2152"]
[WhiteFideId "-1"]
[WhiteFideId "-1"]
[PlyCount "61"]
[GameId "2160767908478662"]
[EventDate "2017.02.10"]
[EventType "swiss"]
[EventRounds "5"]
[EventCountry "CAN"]
[SourceTitle "EXT 2022"]
[Source "ChessBase"]
[SourceDate "2021.10.06"]
[SourceVersion "1"]
[SourceVersionDate "2021.10.06"]
[SourceQuality "1"]

1. d4 g6 2. c4 Bg7 3. Nf3 d6 4. g3 c5 5. d5 b5 6. cxb5 Qa5+ 7. Bd2 Qxb5 8. Nc3 Qb6 9. Bg2 Nf6 10. O-O O-O 11. Qc2 Na6 12. a3 Rb8 13. Rab1 Bd7 14. e4 Ng4 15. Bf4 f5 16. Nd2 fxe4 17. Bxe4 Nf6 18. Nc4 Qc7 19. Bd3 Bh3 20. Rfe1 Ng4 21. Re2 Qd7 22. f3 Nh6 23. Qd2 Nf5 24. Bxf5 Qxf5 25. Ne3 Qf7 26. Ne4 h6 27. Nf2 Bd7 28. Neg4 g5 29. Bxg5 Qg6 30. Bxh6 Qxb1+ 31. Re1 0-1

[Event "CMA Futurity ABCD"]
[Site "Montreal CAN"]
[Date "2017.02.11"]
[Round "3"]
[White "Tremblay, Alain"]
[Black "Soudre, Nicolas"]
[Result "1/2-1/2"]
[WhiteElo "2059"]
[BlackElo "2080"]
[WhiteFideId "-1"]
[WhiteFideId "-1"]
[PlyCount "59"]
[GameId "2160767908478665"]
[EventDate "2017.02.10"]
[EventType "swiss"]
[EventRounds "5"]
[EventCountry "CAN"]
[SourceTitle "EXT 2022"]
[Source "ChessBase"]
[SourceDate "2021.10.06"]
[SourceVersion "1"]
[SourceVersionDate "2021.10.06"]
[SourceQuality "1"]

1. e4 e6 2. d4 d5 3. Nc3 Bb4 4. e5 c5 5. Bd2 Ne7 6. Nb5 Bxd2+ 7. Qxd2 O-O 8. f4 cxd4 9. Nf3 Nbc6 10. Nbxd4 Nxd4 11. Nxd4 Nc6 12. Nf3 f6 13. Bd3 Bd7 14. O-O Be8 15. Rae1 Bg6 16. exf6 Qxf6 17. Bxg6 Qxg6 18. Ng5 Nd8 19. Nxe6 Nxe6 20. Qxd5 Qxc2 21. Rxe6 Kh8 22. Qxb7 Rab8 23. Qe7 Qxb2 24. f5 Qd4+ 25. Kh1 Qd3 26. Ree1 Qd4 27. Rd1 Rxf5 28. Rfe1 Qf2 29. h3 Rbf8 30. a3 1/2-1/2

[Event "CMA Futurity ABCD"]
[Site "Montreal CAN"]
[Date "2017.02.12"]
[Round "4"]
[White "Hollander, Michael"]
[Black "Leger, Manon"]
[Result "1-0"]
[WhiteElo "1998"]
[BlackElo "2001"]
[WhiteFideId "-1"]
[WhiteFideId "-1"]
[PlyCount "47"]
[GameId "2160767908478668"]
[EventDate "2017.02.10"]
[EventType "swiss"]
[EventRounds "5"]
[EventCountry "CAN"]
[SourceTitle "EXT 2022"]
[Source "ChessBase"]
[SourceDate "2021.10.06"]
[SourceVersion "1"]
[SourceVersionDate "2021.10.06"]
[SourceQuality "1"]

1. e4 e5 2. Nf3 Nf6 3. d4 Nxe4 4. Bd3 d5 5. dxe5 Be7 6. O-O Bg4 7. Bxe4 dxe4 8. Qxd8+ Bxd8 9. Ng5 Bxg5 10. Bxg5 O-O 11. Re1 Bf5 12. Nc3 e3 13. Rxe3 Bxc2 14. Rc1 Bf5 15. Nd5 Nc6 16. Rxc6 bxc6 17. Ne7+ Kh8 18. Nxf5 Rab8 19. b3 Rb5 20. g4 Re8 21. Rc3 Rbxe5 22. Rxc6 f6 23. Be3 Rc8 24. Nd6 1-0

[Event "CMA Futurity ABCD"]
[Site "Montreal CAN"]
[Date "2017.02.12"]
[Round "4"]
[White "Johnson-Constantin, Mathieu"]
[Black "Villeneuve, Robert"]
[Result "1/2-1/2"]
[WhiteElo "1822"]
[BlackElo "1859"]
[WhiteFideId "-1"]
[WhiteFideId "-1"]
[PlyCount "69"]
[GameId "2160767908478669"]
[EventDate "2017.02.10"]
[EventType "swiss"]
[EventRounds "5"]
[EventCountry "CAN"]
[SourceTitle "EXT 2022"]
[Source "ChessBase"]
[SourceDate "2021.10.06"]
[SourceVersion "1"]
[SourceVersionDate "2021.10.06"]
[SourceQuality "1"]

1. e4 c5 2. Nf3 d6 3. d4 cxd4 4. Nxd4 Nf6 5. Nc3 g6 6. f3 Nc6 7. Be3 Bg7 8. Qd2 O-O 9. O-O-O Nxd4 10. Bxd4 Be6 11. Kb1 Qc7 12. g4 Rfc8 13. h4 Qa5 14. a3 Rab8 15. h5 b5 16. hxg6 hxg6 17. Nd5 Qxd2 18. Rxd2 Nxd5 19. Bxg7 Kxg7 20. exd5 Bd7 21. Rdh2 Rg8 22. g5 Rbc8 23. Rh7+ Kf8 24. R1h4 Rc5 25. Rd4 Bf5 26. Bd3 Bxd3 27. Rxd3 Ke8 28. a4 bxa4 29. Rh4 Kd7 30. Rxa4 a5 31. c3 Rh8 32. b4 Rb8 33. Ka2 axb4 34. cxb4 Rcb5 35. Kb3 1/2-1/2

[Event "CMA Futurity ABCD"]
[Site "Montreal CAN"]
[Date "2017.02.12"]
[Round "4"]
[White "Leger, Maxime"]
[Black "Langlois-Remillard, Alexis"]
[Result "1-0"]
[WhiteElo "1883"]
[BlackElo "1867"]
[WhiteFideId "-1"]
[WhiteFideId "-1"]
[PlyCount "94"]
[GameId "2160767908478670"]
[EventDate "2017.02.10"]
[EventType "swiss"]
[EventRounds "5"]
[EventCountry "CAN"]
[SourceTitle "EXT 2022"]
[Source "ChessBase"]
[SourceDate "2021.10.06"]
[SourceVersion "1"]
[SourceVersionDate "2021.10.06"]
[SourceQuality "1"]

1. e4 e6 2. d4 d5 3. Nd2 Nf6 4. e5 Nfd7 5. Bd3 c5 6. c3 Nc6 7. Ne2 cxd4 8. cxd4 f6 9. Nf4 Nxd4 10. Qh5+ Ke7 11. Ng6+ hxg6 12. exf6+ Nxf6 13. Qxh8 Kf7 14. O-O e5 15. Nb3 Nxb3 16. axb3 Bf5 17. Bxf5 gxf5 18. Bg5 Qb6 19. Rfc1 Ne4 20. Qh5+ g6 21. Qh7+ Bg7 22. Be3 d4 23. Bh6 Rg8 24. Bxg7 Rxg7 25. Qh8 d3 26. Rc8 d2 27. Qe8+ Kf6 28. Qd8+ Qxd8 29. Rxd8 Rc7 30. Rd1 Ke7 31. Rd3 Rc2 32. f3 Nc5 33. R3xd2 Rxd2 34. Rxd2 Nxb3 35. Rd5 Ke6 36. Rb5 Nd4 37. Rxb7 a5 38. Rb6+ Kf7 39. Rd6 Nb3 40. h4 a4 41. Kf2 Na5 42. Rb6 e4 43. fxe4 fxe4 44. Rb4 Nb3 45. Rxa4 Nc5 46. Rd4 Kf6 47. b4 Nb7 1-0

[Event "CMA Futurity ABCD"]
[Site "Montreal CAN"]
[Date "2017.02.12"]
[Round "4"]
[White "Lopez Linares, Lizandro"]
[Black "Chabot, Roland"]
[Result "1-0"]
[WhiteElo "2104"]
[BlackElo "2152"]
[WhiteFideId "-1"]
[WhiteFideId "-1"]
[PlyCount "73"]
[GameId "2160767908478671"]
[EventDate "2017.02.10"]
[EventType "swiss"]
[EventRounds "5"]
[EventCountry "CAN"]
[SourceTitle "EXT 2022"]
[Source "ChessBase"]
[SourceDate "2021.10.06"]
[SourceVersion "1"]
[SourceVersionDate "2021.10.06"]
[SourceQuality "1"]

1. d4 g6 2. Nf3 Bg7 3. g3 Nf6 4. Bg2 O-O 5. O-O d6 6. c4 Nc6 7. Nc3 a6 8. h3 Rb8 9. a3 b5 10. cxb5 axb5 11. b4 e6 12. e4 Ne7 13. Rb1 Bb7 14. Re1 Qd7 15. Nd2 Nh5 16. Nb3 f5 17. Na5 Ba8 18. exf5 Nxf5 19. Bxa8 Rxa8 20. Be3 c5 21. Nb3 cxb4 22. axb4 Nhxg3 23. fxg3 Nxg3 24. Qg4 Nf5 25. Bf2 Rac8 26. Ne4 Rc2 27. Qd1 Ra2 28. Re2 Rxe2 29. Qxe2 e5 30. dxe5 Bxe5 31. Rd1 Qe7 32. Qxb5 Nh4 33. Qd5+ Kg7 34. Nd4 Nf3+ 35. Nxf3 Rxf3 36. Kg2 Qf8 37. Rd3 1-0

[Event "CMA Futurity ABCD"]
[Site "Montreal CAN"]
[Date "2017.02.12"]
[Round "4"]
[White "Marin, Sam"]
[Black "Durette, Francis"]
[Result "0-1"]
[WhiteElo "1977"]
[BlackElo "1965"]
[WhiteFideId "-1"]
[WhiteFideId "-1"]
[PlyCount "118"]
[GameId "2160767908478672"]
[EventDate "2017.02.10"]
[EventType "swiss"]
[EventRounds "5"]
[EventCountry "CAN"]
[SourceTitle "EXT 2022"]
[Source "ChessBase"]
[SourceDate "2021.10.06"]
[SourceVersion "1"]
[SourceVersionDate "2021.10.06"]
[SourceQuality "1"]

1. Nf3 Nf6 2. c4 g6 3. Nc3 Bg7 4. d4 O-O 5. e4 d6 6. Be2 e5 7. d5 a5 8. O-O Na6 9. Ne1 Nc5 10. f3 Nfd7 11. Nd3 f5 12. b3 f4 13. Bb2 Nxd3 14. Bxd3 Nc5 15. a3 Na6 16. b4 Bd7 17. Qb3 g5 18. c5 g4 19. c6 Bc8 20. cxb7 Bxb7 21. fxg4 Bc8 22. Be2 Qg5 23. Qd1 Rb8 24. b5 Nc5 25. Bf3 Rf6 26. a4 Rg6 27. Ba3 Nd7 28. Qe1 Bf6 29. Nd1 Nb6 30. h3 Rg7 31. Bc1 h5 32. h4 Qxh4 33. Qxh4 Bxh4 34. gxh5 Bg4 35. Bd2 Nc4 36. Ra2 Kh7 37. Rc2 Nxd2 38. Rxd2 Kh6 39. Rc2 Bxh5 40. Bxh5 Kxh5 41. Rf3 Be1 42. Kf1 Bb4 43. Rh3+ Kg6 44. Nf2 Bc5 45. Nd3 Bb6 46. Rc6 Bd4 47. Ne1 Rbg8 48. Nf3 Bb6 49. Nxe5+ Kf6 50. Nf3 Rxg2 51. e5+ Kf7 52. exd6 Rf2+ 53. Ke1 Re8+ 54. Kd1 Rf1+ 55. Kc2 Re2+ 56. Nd2 Be3 57. Rxe3 fxe3 58. dxc7 exd2 59. c8=Q d1=Q+ 0-1

[Event "CMA Futurity ABCD"]
[Site "Montreal CAN"]
[Date "2017.02.12"]
[Round "4"]
[White "Nunez, Omar"]
[Black "Tremblay, Alain"]
[Result "0-1"]
[WhiteElo "2078"]
[BlackElo "2059"]
[WhiteFideId "-1"]
[WhiteFideId "-1"]
[PlyCount "66"]
[GameId "2160767908478673"]
[EventDate "2017.02.10"]
[EventType "swiss"]
[EventRounds "5"]
[EventCountry "CAN"]
[SourceTitle "EXT 2022"]
[Source "ChessBase"]
[SourceDate "2021.10.06"]
[SourceVersion "1"]
[SourceVersionDate "2021.10.06"]
[SourceQuality "1"]

1. f4 e6 2. Nf3 c5 3. g3 Nc6 4. Bg2 g6 5. O-O Bg7 6. e4 Nge7 7. c3 O-O 8. a4 d6 9. d3 a6 10. Be3 b6 11. d4 Bb7 12. Nbd2 Rc8 13. dxc5 bxc5 14. Nc4 d5 15. exd5 exd5 16. Nce5 Nxe5 17. Nxe5 Qc7 18. Nd3 d4 19. cxd4 Bxg2 20. Kxg2 Nf5 21. Bf2 cxd4 22. Rc1 Qa5 23. b4 Qd5+ 24. Qf3 Qa2 25. Qb7 Rc2 26. Kg1 Rxc1 27. Rxc1 Qxa4 28. Rc8 Qd1+ 29. Ne1 d3 30. Kg2 d2 31. Nd3 Qe2 32. Rxf8+ Bxf8 33. Ne5 Ne3+ 0-1

[Event "CMA Futurity ABCD"]
[Site "Montreal CAN"]
[Date "2017.02.12"]
[Round "4"]
[White "Saha, Ananda"]
[Black "Huang, Qiuyu"]
[Result "1/2-1/2"]
[WhiteElo "1997"]
[BlackElo "1955"]
[WhiteFideId "-1"]
[WhiteFideId "-1"]
[PlyCount "73"]
[GameId "2160767908478674"]
[EventDate "2017.02.10"]
[EventType "swiss"]
[EventRounds "5"]
[EventCountry "CAN"]
[SourceTitle "EXT 2022"]
[Source "ChessBase"]
[SourceDate "2021.10.06"]
[SourceVersion "1"]
[SourceVersionDate "2021.10.06"]
[SourceQuality "1"]

1. d4 d5 2. c4 e6 3. Nc3 Nf6 4. cxd5 exd5 5. Bg5 c6 6. e3 Bf5 7. Bd3 Bxd3 8. Qxd3 Be7 9. Nge2 Nbd7 10. O-O O-O 11. h3 Re8 12. Bf4 Nb6 13. f3 Rc8 14. e4 dxe4 15. fxe4 c5 16. d5 c4 17. Qf3 Bc5+ 18. Kh1 Nbd7 19. g4 Ne5 20. Bxe5 Rxe5 21. Ng3 Qe8 22. h4 Nd7 23. g5 Bf8 24. Qg4 Nc5 25. Rf3 Rc7 26. Rg1 b5 27. Nh5 Nxe4 28. Nxe4 Rxe4 29. Qg3 Bd6 30. Qxd6 Rxh4+ 31. Kg2 Qe2+ 32. Rf2 Qe4+ 33. Kf1 Qd3+ 34. Re2 Qf5+ 35. Ke1 Qb1+ 36. Kf2 Qf5+ 37. Ke1 1/2-1/2

[Event "CMA Futurity ABCD"]
[Site "Montreal CAN"]
[Date "2017.02.12"]
[Round "4"]
[White "Yu, Zong Yang"]
[Black "Masse, Hugues"]
[Result "1/2-1/2"]
[WhiteElo "2383"]
[BlackElo "2179"]
[WhiteFideId "-1"]
[WhiteFideId "-1"]
[PlyCount "70"]
[GameId "2160767908478676"]
[EventDate "2017.02.10"]
[EventType "swiss"]
[EventRounds "5"]
[EventCountry "CAN"]
[SourceTitle "EXT 2022"]
[Source "ChessBase"]
[SourceDate "2021.10.06"]
[SourceVersion "1"]
[SourceVersionDate "2021.10.06"]
[SourceQuality "1"]

1. Nf3 Nf6 2. c4 c5 3. Nc3 Nc6 4. d4 cxd4 5. Nxd4 e6 6. g3 Qb6 7. Nb3 Ne5 8. e4 Bb4 9. Qe2 d6 10. f4 Ng6 11. Be3 Bxc3+ 12. bxc3 Qc7 13. Bg2 e5 14. f5 Ne7 15. g4 b6 16. g5 Nd7 17. O-O Ba6 18. Nd2 Nc6 19. Rad1 Na5 20. Rf2 O-O-O 21. Bf1 Kb7 22. Rb1 Rc8 23. Rb4 Ka8 24. Qd3 Nc5 25. Qb1 Nc6 26. Be2 Nxb4 27. cxb4 Nd7 28. Qd3 f6 29. h4 fxg5 30. hxg5 h6 31. g6 Nf6 32. Rf1 d5 33. exd5 e4 34. Qd4 Qg3+ 35. Kh1 Qh3+ 1/2-1/2

[Event "CMA Futurity ABCD"]
[Site "Montreal CAN"]
[Date "2017.02.12"]
[Round "4"]
[White "Zumsteg, Nicolas"]
[Black "Gauthier, Denis"]
[Result "0-1"]
[WhiteElo "1910"]
[BlackElo "1864"]
[WhiteFideId "-1"]
[WhiteFideId "-1"]
[PlyCount "52"]
[GameId "2160767908478677"]
[EventDate "2017.02.10"]
[EventType "swiss"]
[EventRounds "5"]
[EventCountry "CAN"]
[SourceTitle "EXT 2022"]
[Source "ChessBase"]
[SourceDate "2021.10.06"]
[SourceVersion "1"]
[SourceVersionDate "2021.10.06"]
[SourceQuality "1"]

1. e4 c5 2. Ne2 Nc6 3. Nbc3 e6 4. g3 g6 5. Bg2 Bg7 6. O-O Nge7 7. d3 d6 8. Be3 Nd4 9. Qd2 Nxe2+ 10. Qxe2 Nc6 11. Qd2 Nd4 12. Nd1 O-O 13. c3 Nc6 14. Bh6 Rb8 15. Bxg7 Kxg7 16. Ne3 Bd7 17. d4 cxd4 18. cxd4 e5 19. dxe5 dxe5 20. Rad1 Be6 21. Qc3 Nd4 22. Rd2 Rc8 23. Qa3 Nf3+ 24. Bxf3 Qxd2 25. Rd1 Rc1 26. Nf1 Rxd1 0-1

[Event "CMA Futurity ABCD"]
[Site "Montreal CAN"]
[Date "2017.02.12"]
[Round "5"]
[White "Chabot, Roland"]
[Black "Yu, Zong Yang"]
[Result "0-1"]
[WhiteElo "2152"]
[BlackElo "2383"]
[WhiteFideId "-1"]
[WhiteFideId "-1"]
[PlyCount "114"]
[GameId "2160767908478678"]
[EventDate "2017.02.10"]
[EventType "swiss"]
[EventRounds "5"]
[EventCountry "CAN"]
[SourceTitle "EXT 2022"]
[Source "ChessBase"]
[SourceDate "2021.10.06"]
[SourceVersion "1"]
[SourceVersionDate "2021.10.06"]
[SourceQuality "1"]

1. d4 Nf6 2. c4 e6 3. Nc3 Bb4 4. e3 O-O 5. Nge2 d5 6. a3 Be7 7. cxd5 exd5 8. Nf4 c6 9. Bd3 Re8 10. O-O Na6 11. f3 Nc7 12. Kh1 c5 13. Bc2 b6 14. Bb3 Ba6 15. Rg1 Bd6 16. Nh3 Bb7 17. Bd2 b5 18. Ne2 Rc8 19. Qe1 Ne6 20. Qf2 Qb6 21. Rad1 b4 22. a4 Ba6 23. Nef4 cxd4 24. Nxe6 Rxe6 25. exd4 Qb8 26. Rge1 Rce8 27. Rxe6 Rxe6 28. Re1 Bc8 29. Ng5 Rxe1+ 30. Qxe1 h6 31. Nh3 a5 32. Qh4 Bxh3 33. Qxh3 Bf4 34. Bxf4 Qxf4 35. Qc8+ Kh7 36. Qc2+ g6 37. Qd1 h5 38. g3 Qe3 39. Kg2 Kg7 40. Bc2 Ne8 41. Qd3 Qe1 42. Qf1 Qe6 43. Kf2 Nc7 44. Qe2 Qc6 45. Qe5+ Kg8 46. Bd3 Qc1 47. Qe2 Qh1 48. Ke3 Ne6 49. Kd2 Qa1 50. Ke3 Qxa4 51. Bb5 Qa1 52. Bd7 Qg1+ 53. Qf2 Qxf2+ 54. Kxf2 Nxd4 55. Ke3 Ne6 56. Kd2 Nc5 57. Bc6 d4 0-1

[Event "CMA Futurity ABCD"]
[Site "Montreal CAN"]
[Date "2017.02.12"]
[Round "5"]
[White "Durette, Francis"]
[Black "Barre, Michel"]
[Result "1-0"]
[WhiteElo "1965"]
[BlackElo "1936"]
[WhiteFideId "-1"]
[WhiteFideId "-1"]
[PlyCount "63"]
[GameId "2160767908478679"]
[EventDate "2017.02.10"]
[EventType "swiss"]
[EventRounds "5"]
[EventCountry "CAN"]
[SourceTitle "EXT 2022"]
[Source "ChessBase"]
[SourceDate "2021.10.06"]
[SourceVersion "1"]
[SourceVersionDate "2021.10.06"]
[SourceQuality "1"]

1. e4 c5 2. Nf3 e6 3. d4 cxd4 4. Nxd4 Nc6 5. c4 Nf6 6. Nc3 Bb4 7. f3 d5 8. Nxc6 bxc6 9. cxd5 Bxc3+ 10. bxc3 Qa5 11. Bd2 O-O 12. c4 Qc7 13. dxc6 Qxc6 14. Bb4 Re8 15. e5 Nh5 16. Qd4 g6 17. Bd3 Bb7 18. O-O Red8 19. Bd6 f6 20. c5 f5 21. Rab1 Qd7 22. Qb4 Bc6 23. Bb5 Bxb5 24. Qxb5 Qxb5 25. Rxb5 Nf4 26. Rb7 Nd5 27. Rfb1 h6 28. Rb8 a6 29. Rxd8+ Rxd8 30. c6 Rc8 31. c7 Nxc7 32. Rc1 1-0

[Event "CMA Futurity ABCD"]
[Site "Montreal CAN"]
[Date "2017.02.12"]
[Round "5"]
[White "Gauthier, Denis"]
[Black "Leger, Maxime"]
[Result "1/2-1/2"]
[WhiteElo "1864"]
[BlackElo "1883"]
[WhiteFideId "-1"]
[WhiteFideId "-1"]
[PlyCount "104"]
[GameId "2160767908478680"]
[EventDate "2017.02.10"]
[EventType "swiss"]
[EventRounds "5"]
[EventCountry "CAN"]
[SourceTitle "EXT 2022"]
[Source "ChessBase"]
[SourceDate "2021.10.06"]
[SourceVersion "1"]
[SourceVersionDate "2021.10.06"]
[SourceQuality "1"]

1. d4 Nf6 2. c4 g6 3. Nc3 Bg7 4. e4 d6 5. Bd3 O-O 6. Nge2 Nbd7 7. Bc2 c5 8. d5 a6 9. O-O Rb8 10. a4 Ne5 11. b3 Ne8 12. Bg5 h6 13. Bf4 b6 14. Qd2 Kh7 15. Bg3 Nc7 16. f4 Ng4 17. h3 Nf6 18. Kh1 Nh5 19. Bh2 f5 20. e5 b5 21. axb5 axb5 22. Rad1 bxc4 23. bxc4 Bh8 24. Rb1 Rxb1 25. Rxb1 Na6 26. Nb5 Nb4 27. Ra1 Ba6 28. Ned4 Qb8 29. Ne6 Rc8 30. Qe2 Bxb5 31. cxb5 Nxc2 32. Qxc2 Qxb5 33. g4 fxg4 34. hxg4 c4 35. gxh5 Qxd5+ 36. Qg2 Qxe6 37. hxg6+ Qxg6 38. Qb7 Rg8 39. Rg1 Qe6 40. Qe4+ Rg6 41. Rxg6 Qxg6 42. f5 Qf7 43. f6+ Kg8 44. Qg4+ Kf8 45. Qc8+ Qe8 46. fxe7+ Kf7 47. Qxc4+ Kxe7 48. exd6+ Kd7 49. Qb5+ Kd8 50. Qb6+ Kd7 51. Qc7+ Ke6 52. Qc4+ Kd7 1/2-1/2